[Event "Girona Gerunda op"]
[Site "Girona"]
[Date "2021.07.20"]
[Round "4"]
[White "Valle Luis, Leo"]
[Black "Farre I Benseny, Miquel"]
[Result "1/2-1/2"]
[WhiteElo "2134"]
[BlackElo "2078"]
[PlyCount "69"]
[EventDate "2021.07.19"]
[EventType "swiss"]
[EventRounds "9"]
[EventCountry "ESP"]
[SourceTitle "EXT 2022"]
[Source "ChessBase"]
[SourceDate "2021.10.06"]
[SourceVersion "1"]
[SourceVersionDate "2021.10.06"]
[SourceQuality "1"]

1. e4 e5 2. Nf3 Nc6 3. Bb5 a6 4. Ba4 Nf6 5. 0-0 Be7 6. Re1 b5 7. Bb3 0-0 8. c3 d5 9. exd5 Nxd5 10. Nxe5 Nxe5 11. Rxe5 c6 12. d4 Bd6 13. Re1 Qh4 14. g3 Qh3 15. Qf3 Bg4 16. Qg2 Qh5 17. Be3 Bf3 18. Qf1 Nf4 19. Bxf4 Bxf4 20. Bd1 Rae8 21. Na3 Bd2 22. Rxe8 Rxe8 23. Nc2 Be2 24. Bxe2 Rxe2 25. Qg2 Qf5 26. Nb4 Be1 27. Nxc6 Bxf2+ 28. Kh1 h6 29. Rf1 Qc2 30. Nb4 Qd2 31. Qa8+ Kh7 32. Qf3 Be3 33. Qf5+ Kg8 34. Qc8+ Kh7 35. Qf5+ 1/2-1/2

[Event "Miquel Mas op 20th"]
[Site "Castell de Sant Ferran"]
[Date "2019.08.13"]
[Round "1"]
[White "Touzane, Olivier"]
[Black "Farre I Benseny, Miquel"]
[Result "1-0"]
[WhiteElo "2268"]
[BlackElo "1822"]
[PlyCount "82"]
[EventDate "2019.08.13"]
[EventType "swiss"]
[EventRounds "9"]
[EventCountry "ESP"]
[SourceTitle "EXT 2020"]
[Source "ChessBase"]
[SourceDate "2019.10.17"]
[SourceVersion "1"]
[SourceVersionDate "2019.10.17"]
[SourceQuality "1"]

1. d4 Nf6 2. Bf4 d5 3. e3 e6 4. Nd2 c5 5. c3 Nc6 6. Ngf3 Be7 7. Bd3 Nh5 8. Bg3 0-0 9. Ne5 Nf6 10. f4 Bd7 11. 0-0 a6 12. Rf3 b5 13. Bh4 g6 14. Rh3 Ne8 15. Bxe7 Qxe7 16. Ndf3 c4 17. Bc2 Kg7 18. Qe1 Rh8 19. g4 Nxe5 20. Nxe5 f5 21. g5 Nd6 22. Rh6 Nf7 23. Nxf7 Qxf7 24. h4 a5 25. h5 Qf8 26. Qh4 b4 27. Kg2 bxc3 28. Rh1 Be8 29. bxc3 Rb8 30. Bd1 Qg8 31. hxg6 Bxg6 32. Bh5 Ra8 33. Kf3 Rb8 34. a4 Ra8 35. Qf2 Qf7 36. Qh2 Qg8 37. Qa2 Qf7 38. Qa3 Qf8 39. Qa1 Qe7 40. Rb1 Bxh5+ 41. Rxh5 Rag8 1-0

[Event "Girona-ch"]
[Site "Banyoles"]
[Date "2018.10.07"]
[Round "2"]
[White "Farre I Benseny, Miquel"]
[Black "Mendez Camarasa, Fernando"]
[Result "0-1"]
[WhiteElo "1827"]
[BlackElo "2244"]
[PlyCount "86"]
[EventDate "2018.09.30"]
[EventType "swiss"]
[EventRounds "9"]
[EventCountry "ESP"]
[SourceTitle "CBM 187 Extra"]
[Source "ChessBase"]
[SourceDate "2018.11.04"]
[SourceVersion "1"]
[SourceVersionDate "2018.11.04"]
[SourceQuality "1"]

1. e4 g6 2. d4 Bg7 3. Nf3 d6 4. Be3 Nf6 5. Nbd2 0-0 6. h3 Nbd7 7. Bc4 e6 8. Bg5 h6 9. Bh4 g5 10. Bg3 Nb6 11. Bd3 Nh5 12. Bh2 c5 13. a4 a5 14. c3 Nf4 15. Bxf4 gxf4 16. e5 dxe5 17. dxc5 Qxd3 18. cxb6 e4 19. Nd4 e5 20. N4b3 e3 21. fxe3 Qxe3+ 22. Qe2 Qxb6 23. Ra3 Bf5 24. Nc4 Qg6 25. Nbd2 Bd3 26. Qf3 e4 27. Qxf4 e3 28. Nxe3 Rfe8 29. Kf2 Ra6 30. Nf3 Rae6 31. Re1 Re4 32. Qc7 Qe6 33. Nd4 Bxd4 34. cxd4 Qf6+ 35. Kg1 Rxe3 36. Rxd3 Rxe1+ 37. Kh2 Rh1+ 38. Kxh1 Qf1+ 39. Kh2 Qxd3 40. Qd6 h5 41. Qc5 Qe3 42. Qf5 Re4 43. Qxa5 h4 0-1

[Event "L'Estartit Baix Ter U2200"]
[Site "L'Estartit"]
[Date "2018.09.02"]
[Round "6.7"]
[White "Farre i Benseny, Miquel"]
[Black "Molano Lafuente, Ismael"]
[Result "0-1"]
[WhiteElo "1827"]
[BlackElo "1968"]
[PlyCount "28"]
[EventDate "2018.09.01"]
[EventType "swiss"]
[EventRounds "6"]
[EventCountry "ESP"]
[SourceTitle "EXT 2024"]
[Source "ChessBase"]
[SourceDate "2023.10.10"]
[SourceVersion "1"]
[SourceVersionDate "2023.10.10"]
[SourceQuality "1"]

1. e4 e5 2. Nf3 f5 3. Nxe5 Qf6 4. d4 d6 5. Nc4 fxe4 6. Nc3 Qg6 7. f3 Nf6 8. fxe4 Be7 9. e5 Ne4 10. Bd3 Bh4+ 11. Kf1 0-0+ 12. Kg1 Bf2+ 13. Kf1 Bxd4+ 14. Ke1 Qxg2 0-1

[Event "Llinars del Valles op-B 12th"]
[Site "Llinars del Valles"]
[Date "2018.05.26"]
[Round "6.7"]
[White "Farre I Benseny, Miquel"]
[Black "Quiros Garcia, Luis"]
[Result "1-0"]
[WhiteElo "1627"]
[BlackElo "1341"]
[PlyCount "81"]
[EventDate "2018.04.14"]
[EventType "swiss"]
[EventRounds "8"]
[EventCountry "ESP"]
[SourceTitle "CBM 184 Extra"]
[Source "ChessBase"]
[SourceDate "2018.06.28"]
[SourceVersion "1"]
[SourceVersionDate "2018.06.28"]
[SourceQuality "1"]

1. e4 g6 2. d4 Bg7 3. f4 d6 4. Nf3 a6 5. Be3 Nf6 6. Nc3 b5 7. Bd3 Bb7 8. a3 Nbd7 9. h3 c5 10. e5 Nd5 11. Nxd5 Bxd5 12. Be2 c4 13. 0-0 Nb6 14. c3 e6 15. Qd2 h6 16. Kh2 Be4 17. Ne1 Nd5 18. Bf3 Bxf3 19. Nxf3 Nxe3 20. Qxe3 d5 21. g4 Qe7 22. f5 gxf5 23. gxf5 exf5 24. Qf4 Qd7 25. Nh4 0-0-0 26. Qxf5 Qxf5 27. Rxf5 Rh7 28. Raf1 Rd7 29. Kh1 Bf8 30. e6 Rb7 31. Rxf7 Rbxf7 32. Rxf7 Rxf7 33. exf7 Kd7 34. Ng6 Ke6 35. Nxf8+ Kxf7 36. Nd7 Ke7 37. Nc5 a5 38. Nb7 Kd7 39. Nxa5 Kc7 40. b4 cxb3 41. Nxb3 1-0

[Event "Santa Eugenia op 12th"]
[Site "Santa Eugenia"]
[Date "2017.08.03"]
[Round "8"]
[White "Farre I Benseny, Miquel"]
[Black "Acevedo Egido, David"]
[Result "1/2-1/2"]
[WhiteElo "1607"]
[BlackElo "1486"]
[PlyCount "86"]
[EventDate "2017.07.31"]
[EventType "swiss"]
[EventRounds "9"]
[EventCountry "ESP"]
[SourceTitle "CBM 179 Extra"]
[Source "ChessBase"]
[SourceDate "2017.08.23"]
[SourceVersion "1"]
[SourceVersionDate "2017.08.23"]
[SourceQuality "1"]

1. e4 c5 2. Nf3 g6 3. Nc3 Bg7 4. d4 cxd4 5. Nxd4 d6 6. Be3 Nf6 7. Bc4 0-0 8. 0-0 Ng4 9. Qf3 Nxe3 10. Qxe3 Qb6 11. Rad1 Nc6 12. Nxc6 bxc6 13. Qxb6 axb6 14. Rd3 Ba6 15. Bxa6 Rxa6 16. a3 b5 17. Rb1 Bxc3 18. Rxc3 Rfa8 19. f3 c5 20. b4 c4 21. Ra1 Ra4 22. Rd1 Rxa3 23. Rxa3 Rxa3 24. Rd5 Rc3 25. Rxb5 Rxc2 26. Rb8+ Kg7 27. b5 Rb2 28. Rc8 Rxb5 29. Rxc4 Rb2 30. h3 Kf6 31. Ra4 Rc2 32. Ra5 Rc5 33. Ra7 d5 34. exd5 Rxd5 35. Kf2 e6 36. g4 h5 37. Kg3 hxg4 38. hxg4 Kg7 39. Rb7 Rd6 40. Re7 Kf8 41. Ra7 Rd5 42. Ra8+ Kg7 43. Ra7 Rd6 1/2-1/2